Válka o Falklandy 1982 /

Main Author: Hrbek, Jaroslav, 1951-2009
Language: Czech
Published: Praha : Nakladatelství Lidové noviny, 1999
Online Access: Digitalizovaný dokument
Physical Description: 230 s., [16] s. obrazových příloh : mapy ; 21 cm
Book
Saved in:
LEADER 01484nam a2200409 a 4500
001 000460829
003 CZ BrMZK
005 20210114103122.0
007 ta
008 000115s1999 xr e 0 cze d
015 |a cnb000785078 
020 |a 80-7106-335-5 
035 |a (OCoLC)44841710 
040 |a BOA001  |b cze 
043 |a lsfk--- 
045 |a x8x8 
072 7 |a 355/359  |x Vojenství. Obrana země. Ozbrojené síly  |2 Konspekt  |9 15 
080 |a 355.48(410+829.1)"1982"  |2 MRF 
080 |a 355.422  |2 MRF 
080 |a 341.76  |2 MRF 
080 |a 94(829.1)  |2 MRF 
080 |a (0:82-96)  |2 MRF 
100 1 |a Hrbek, Jaroslav,  |d 1951-2009  |7 jn19990009846  |4 aut 
245 1 0 |a Válka o Falklandy 1982 /  |c Jaroslav Hrbek. 
260 |a Praha :  |b Nakladatelství Lidové noviny,  |c 1999 
300 |a 230 s., [16] s. obrazových příloh :  |b mapy ;  |c 21 cm 
500 |a Bibliogr. 
648 4 |a 1982 
650 0 7 |a falklandská válka (1982)  |7 ph120128  |2 czenas 
650 0 7 |a bojové operace  |7 ph137689  |2 czenas 
650 0 7 |a diplomatická jednání  |7 ph137009  |2 czenas 
651 7 |a Falklandy (Velká Británie : souostroví)  |7 ge128477  |x dějiny  |2 czenas 
655 7 |a literatura faktu  |7 fd132773  |2 czenas 
856 4 1 |u http://www.digitalniknihovna.cz/mzk/uuid/uuid:09e319e0-0376-11e4-9789-005056827e52  |y Digitalizovaný dokument  |x NDK 
910 |a BOA001  |b 2-1067.812 
990 |a BK 
996 6 |b 2610100997  |c 2-1067.812  |l MZK  |r Sklad / do 1 hodiny  |n 18  |p p.v.  |w 000460829  |u 000010  |a 1  |e BOA001  |j MZK50  |s P